Kaiserrecht und rezeption.

Guardado en:
Detalles Bibliográficos
Autor principal: Krause, Hermann (autor)
Formato: Libro
Publicado: Heildelberg, Deutschland: Carl Winter, 1952.
Materias:
Etiquetas: Agregar Etiqueta
Sin Etiquetas, Sea el primero en etiquetar este registro!

MARC

LEADER 00000nam a22000007a 4500
003 CL-VaPUC
005 20220822114806.0
008 220803t1952 ||||| |||| 00| 0 eng d
999 |c 437903  |d 437901 
040 |c Pontificia Universidad Católica de Valparaíso 
082 |a 341.40943 KRA 1952 
100 1 |a Krause, Hermann   |e autor  |9 874687 
245 |a Kaiserrecht und rezeption.  
260 |a Heildelberg, Deutschland:  |b Carl Winter,   |c 1952. 
300 |a 147 páginas.  
500 |a c.1 Donación Familia Prof. Alejandro Guzmán Brito. 
583 |c 20220803  |k Cristina María Rojas Aguilar 
650 |a Derecho   |z Alemania  |y Edad Media   |9 874688 
650 |a Derecho romano  |z Alemania  |9 874689 
942 |2 ddc  |c BK  |n 0 
952 |0 0  |1 0  |2 ddc  |4 0  |6 341_409430000000000_KRA_1952  |7 0  |8 C_AGB  |9 585756  |a BIBDER  |b BIBDER  |d 2022-08-03  |e Donación   |i 5653722  |o 341.40943 KRA 1952  |p 5653722  |r 2023-01-25  |t 1  |w 2022-08-03  |y BK_US  |k AGB